Welcome to the Holygrace Academy Library

Please use search bar below to get started

THE BOY WHO CRIED HORSE (Record no. 5838)

MARC details
000 -LEADER
fixed length control field 00318nam a22001457a 4500
020 ## - INTERNATIONAL STANDARD BOOK NUMBER
ISBN 978-0-7136-8216-8
082 ## - DEWEY DECIMAL CLASSIFICATION NUMBER
Classification number 823
Item number DEA/B
100 ## - MAIN ENTRY--AUTHOR NAME
Personal name DEARY'S TERRY
245 ## - TITLE STATEMENT
Title THE BOY WHO CRIED HORSE
260 ## - PUBLICATION, DISTRIBUTION, ETC. (IMPRINT)
Place of publication LONDON
Name of publisher A&C BLACK
Year of publication 2007
300 ## - PHYSICAL DESCRIPTION
Number of Pages 59
520 ## - SUMMARY, ETC.
Summary, etc SHORT STORY
650 ## - SUBJECT ADDED ENTRY--TOPICAL TERM
Topical Term SHORT STORY
942 ## - ADDED ENTRY ELEMENTS (KOHA)
Koha item type Books
Holdings
Withdrawn status Lost status Collection code Home library Current library Shelving location Date acquired Source of acquisition Full call number Accession Number Koha item type
    Fiction Main Library Main Library SHELF 15-I-CHILDREN'S STORYBOOKS 29/10/2019 Purchase 823 DEA/B 11803 Books